Can You Name Every Single USA State Without A Map - Statistics

General Stats
  • This quiz has been taken 47 times
  • The average score is 46 of 50
Answer Stats
State % Correct
New York
100%
Ohio
100%
Georgia
98%
Texas
98%
Alabama
95%
Alaska
95%
California
95%
Hawaii
95%
Illinois
95%
Kentucky
95%
Maryland
95%
Mississippi
95%
North Carolina
95%
South Carolina
95%
South Dakota
95%
Virginia
95%
Washington
95%
Wyoming
95%
Arizona
93%
Colorado
93%
Delaware
93%
Florida
93%
Idaho
93%
Kansas
93%
Louisiana
93%
Maine
93%
New Hampshire
93%
North Dakota
93%
Oregon
93%
Rhode Island
93%
Tennessee
93%
Utah
93%
Vermont
93%
West Virginia
93%
Arkansas
91%
Connecticut
91%
Indiana
91%
Iowa
91%
Massachusetts
91%
Nevada
91%
New Jersey
91%
New Mexico
91%
Michigan
88%
Minnesota
88%
Missouri
88%
Montana
88%
Nebraska
88%
Pennsylvania
88%
Wisconsin
88%
Oklahoma
86%
No matching quizzes found
Score Distribution
Percent of People with Each Score
Percentile by Number Answered
Your Score History
You have not taken this quiz